|
|
|
|
| LEADER |
00000nam a2200000 a 4500 |
| 001 |
UCO8176 |
| 003 |
CL-VaPUC |
| 005 |
20231103091629.0 |
| 008 |
001201e19900000ag 1 spa d |
| 082 |
0 |
4 |
|a 327.82081
|b HIR
|2 21
|
| 100 |
|
|
|a Hirst, Mónica
|e author
|9 619844
|
| 245 |
1 |
0 |
|a Argentina Brasil: perpectivas comparativas y ejes de integración
|
| 260 |
|
|
|a Buenos Aires
|b Tesis
|c 1990
|
| 300 |
|
|
|a 389 p
|
| 500 |
|
|
|a Donación del profesor Manfred Wilhelmy von Wolff
|
| 583 |
|
|
|a last modification
|c 20001201 00:00:00
|k Rodrigo Vera
|
| 650 |
0 |
0 |
|a Relaciones Internacionales
|9 255740
|
| 650 |
0 |
0 |
|a Política exterior
|9 316628
|
| 650 |
0 |
0 |
|a Cooperación internacional
|9 255447
|
| 650 |
0 |
0 |
|a Integración económica
|9 255024
|
| 650 |
0 |
0 |
|a Transición democrática
|9 336882
|
| 650 |
0 |
7 |
|a RELACIONES CIVICO MILITARES
|2 CL-VaPUC
|9 315814
|
| 651 |
|
0 |
|a Argentina
|9 254888
|
| 651 |
|
0 |
|a Brasil
|9 267393
|
| 942 |
|
|
|c BK
|
| 945 |
|
|
|a crobeson
|d 20001201 00:00:00
|
| 546 |
|
|
|a En Español
|
| 536 |
|
|
|a FLACSO
|
| 518 |
|
|
|p Seminario: Argentina-Brasil, perpectivas comparativas y ejes de integración, 2, Buenos Aires, 1990
|
| 999 |
|
|
|c 383616
|d 383614
|
| 952 |
|
|
|0 0
|1 0
|4 0
|6 327_820810000000000_HIR_1990
|7 0
|8 A
|9 505799
|a BIBHIS
|b BIBHIS
|d 2020-01-23
|i 123059K
|l 2
|o 327.82081 HIR 1990
|p 123059K
|r 2025-01-20
|s 2022-06-17
|w 2020-01-23
|y BK
|k HIS
|